000 01914nam0a2200397 i 4500
001 RU\NLR\BIBL_A\010902301
005 20240921154118.0
010 _a9785408025572
_93000
021 _aRU
_b15-80908
035 _a(NILC)RuMoRGB-008045807
035 _a(NLR Aleph) 010902301
090 _a10597923
_c10597923
100 _a20151117d2016 d y0rusy50 ca
101 0 _arus
102 _aRU
105 _aa|||j|||000yy
200 1 _aМатематические олимпиады
_eметодика подготовки
_e5-8 классы
_e[учебно-методическое пособие
_eосновные направления подготовки, занятия математического кружка, разбор типичных задач, тексты муниципальных олимпиад]
_fА.В. Фарков
205 _aИзд. 2-е
210 _aМосква
_cВАКО
_d2016
_d[т.е. 2015]
215 _a175 с.
_cил., табл.
_d20
225 1 _aМастерская учителя математики
225 1 _aСоответствует ФГОС
300 _aКн. фактически изд. в 2015 г.
320 _aБиблиогр.: с. 139-140 (34 назв.)
606 1 _aМатематика
_jРуководства, пособия и т.п
_xОлимпиады школьные
_91534665
_3RU\NLR\auth\66668673
606 1 _aМатематика
_jУчебные издания для средней школы
_xЗадачи
_xРешение
_92078426
_3RU\NLR\AUTH\661254281
686 1 _aЧ426.24-382.61я7
686 1 _aВ10я721-42
700 1 _aФарков
_bА. В.
_gАлександр Викторович
801 0 _aRU
_bРГБ
_c20151016
_gRCR
801 2 _aRU
_bРГБ
_c20151021
_grcr
801 1 _aRU
_bРГБ
_c20151016
_2rusmarc
942 _cBOOK
980 _aNBR